Nennen sie die 10 Bahnhöfe Deutschlands mit den höchsten Fahrgastzahle - Statistiken

Allgemein
  • Dieses Quiz wurde 280 mal gespielt
  • Das Durchschnittsergebnis liegt bei 13 aus 15
Antwortstatistiken
Hint Antwort % Korrekt
329.000 Berlin Hbf
100%
493.000 Frankfurt Hbf
98%
537.000 Hamburg Hbf
98%
413.000 München Hbf
98%
318.000 Köln Hbf
96%
255.000 Stuttgart Hbf
92%
246.000 Düsseldorf Hbf
87%
135.000 Leipzig Hbf
85%
123.000 Dortmund Hbf
84%
261.000 Hannover Hbf
84%
210.000 Nürnberg Hbf
80%
147.000 Bremen Hbf
74%
152.000 Essen Hbf
73%
130.000 Duisburg Hbf
56%
118.000 Mannheim Hbf
53%
Keine übereinstimmenden Quizze gefunden
Verteilung der Resultate
Anzahl Personen mit jedem Resultat
Perzentil nach korrekt beantworteten Fragen
Ihre Resultats-Entwicklung
Sie haben dieses Quiz noch nicht gespielt